00356nam a2200133Ia 4500008004100000020001800041041001200059082001900071100002000090245004100110260003700151300000800188650002600196231217s9999 xx 000 0 und d a0-684-84913-5 aEnglish a658.83 UND R aUnderhill, Paco 0aWhy we buy : the science of shopping c1999bSimon & SchusteraNew York a255 aWhy,we,buy,:,shopping